Fundamentos de la libertad : (Record no. 25681)

MARC details
000 -CABECERA
campo de control de longitud fija 00753nam a2200205 a 4500
005 - FECHA Y HORA DE LA ÚLTIMA TRANSACCIÓN
campo de control 20240924070954.0
008 - ELEMENTOS DE LONGITUD FIJA--INFORMACIÓN GENERAL
campo de control de longitud fija 991125s1967 mx 000 0 spa u
035 ## - NÚMERO DE CONTROL DEL SISTEMA
Número de control de sistema UPN01000025681
049 ## - COLECCIÓN
Colección CG
050 #4 - SIGNATURA TOPOGRÁFICA DE LA BIBLIOTECA DEL CONGRESO
Número de clasificación HM271
Número de documento/Ítem S2.38
100 1# - ASIENTO PRINCIPAL--NOMBRE PERSONAL
Nombre de persona Sandifer, Durward V.
245 10 - MENCIÓN DE TÍTULO
Título Fundamentos de la libertad :
Resto del título relaciones entre la democracia y los derechos humanos /
Mención de responsabilidad, etc. por Durward V. Sandifer y L. Ronald Scheman ; pról. José A. Mora ; tr. Manuel Ortuño.
260 ## - PUBLICACIÓN, DISTRIBUCIÓN, ETC.
Lugar de publicación, distribución, etc. México :
Nombre del editor, distribuidor, etc. UTEHA,
Fecha de publicación, distribución, etc. 1967.
300 ## - DESCRIPCIÓN FÍSICA
Extensión 165 p.
440 #0 - MENCIÓN DE SERIE/ASIENTO SECUNDARIO--TÍTULO
Título Manuales UTEHA ;
Designación de volumen o secuencia 346.
Nombre de parte o sección de la obra Sección 14.
-- Ciencias sociales
650 #2 - ASIENTO SECUNDARIO DE MATERIA - TERMINO TEMATICO
Término de materia o nombre geográfico como elemento de entrada Derechos civiles
Subdivisión general Interpretación y construcción
9 (RLIN) 7718
650 #7 - ASIENTO SECUNDARIO DE MATERIA - TERMINO TEMATICO
Término de materia o nombre geográfico como elemento de entrada Libertad
Fuente del encabezamiento o término
9 (RLIN) 5326
700 1# - ASIENTO SECUNDARIO--NOMBRE DE PERSONAL
Nombre de persona Scheman, L. Ronald,
Término indicativo de función/relación coaut.
905 ## - TIPO DE MATERIAL
Tipo de material Libro
Holdings
Estado de retiro Estado de pérdida Fuente del sistema de clasificación o colocación Estado dañado No para préstamo Código de colección Localización permanente Ubicación/localización actual Ubicación en estantería Total de préstamos Clasificación Código de barras Fecha visto por última vez Número de copia Tipo de ítem Koha
    Library of Congress Classification     Colección General Bib. Gregorio Torres Quintero Bib. Gregorio Torres Quintero Planta baja 8 HM271 S2.38 35420 31/12/2020 1 Libro